000 01589nam a22002057a 4500
999 _c60264
_d60264
003 Ge_BSU
005 20230623100945.0
008 230623s1981 ge ||||| |||| 00| 0 geo d
041 _ageo
080 _a902.2(479.222.11) ვ-18
245 _aვანი :
_bარქეოლოგიური გათხრები : [სტატიების კრებული]. ტ. 6, ოქროს სამკაულები ვანის ნაქალაქარიდან
_cა. ჭყონია ; რედ. ოთ. ლორთქიფანიძე ; საქ. სსრ მეცნ. აკად., ივ. ჯავახიშვილის სახ. ისტორიის, არქეოლოგიისა და ეთნოგრაფიის ინ-ტი.
264 _aთბილისი :
_bმეცნიერება,
_c1981.
300 _a162 გვ. :
_b37 ფ. ილ.;
_c30 სმ.
520 _aრეზ. რუს. და ინგლ.
653 _aვანის არქეოლოგიური გათხრები
653 _aოქროს სამკაულები
700 _aლორთქიფანიძე, ოთ.
_eრედაქტორი
_918351
710 _aსაქართველოს სსრ მეცნიერებათა აკადემია.
_bივ. ჯავახიშვილის სახ. ისტორიის, არქეოლოგიისა და ეთნოგრაფიის ინსტიტუტი
_918718
942 _2udc
_cBK